Loading...
| Current Events | 1 | 10.00 | 100% | 0% | 0% |
| Fine Arts - Classical Music | 2 | 10.00 | 50% | 50% | 0% |
| Fine Arts - Other | 3 | 10.00 | 100% | 0% | 0% |
| Fine Arts - Painting and Sculpture | 4 | 2.50 | 25% | 0% | 0% |
| History - American | 3 | 10.00 | 67% | 33% | 0% |
| History - European | 1 | 10.00 | 100% | 0% | 0% |
| History - Other | 3 | 13.33 | 100% | 33% | 0% |
| History - World | 3 | 10.00 | 67% | 33% | 0% |
| Literature - American | 2 | 0.00 | 0% | 0% | 0% |
| Literature - British | 1 | 0.00 | 0% | 0% | 0% |
| Literature - European | 2 | 20.00 | 100% | 100% | 0% |
| Literature - World | 4 | 0.00 | 0% | 0% | 0% |
| Other Academic | 1 | 0.00 | 0% | 0% | 0% |
| Philosophy | 1 | 10.00 | 100% | 0% | 0% |
| Religion | 2 | 10.00 | 100% | 0% | 0% |
| Science - Biology | 3 | 3.33 | 33% | 0% | 0% |
| Science - Other | 2 | 5.00 | 50% | 0% | 0% |
| Science - Physics | 4 | 5.00 | 50% | 0% | 0% |
| Social Science | 3 | 13.33 | 100% | 33% | 0% |